[Event "Tata Steel-A 80th"]
[Site "Wijk aan Zee"]
[Date "2018.01.20"]
[Round "7"]
[White "Mamedyarov, Shakhriyar"]
[Black "Wei, Yi"]
[Result "1-0"]
[WhiteElo "2804"]
[BlackElo "2743"]
[Annotator "Marin,M"]
[PlyCount "65"]
[EventDate "2018.01.13"]
[EventType "tourn"]
[EventRounds "13"]
[EventCountry "NED"]
[EventCategory "20"]
[SourceTitle "CBM 183"]
[Source "ChessBase"]
[SourceDate "2018.03.14"]
[SourceVersion "1"]
[SourceVersionDate "2018.03.14"]
[SourceQuality "1"]

1. d4 Nf6 2. Nf3 d5 3. c4 e6 4. g3 Be7 5. Bg2 O-O 6. O-O dxc4 7. Qc2 a6 8. a4
Bd7 9. Qxc4 Bc6 10. Bg5 h6 {One of the many possible moves. Black wastes a
tempo to get the bishop pair, which is far from one-sided with the development
incomplete.} ({The classical treatment of this line is} 10... a5 11. Nc3 {
but now} Ra6 $5 {So,W (2794)-Adams,M (2748) London 2016 CBM 176 [Marin,M] (1-0,
40) surely is a bit exotic.}) (10... Nbd7 11. Nc3 h6 12. Bf4 Bd6 13. Ne5 Bxg2
14. Kxg2 Nb6 15. Qb3 a5 {Vachier Lagrave,M (2804)-Dominguez Perez,L (2739)
Doha 2016 (½-½, 48)} 16. e4 $5) (10... Bd5 {is an open attempt of reaching a
draw in a somewhat worse position, for instance} 11. Qd3 c5 12. Nc3 Bc6 {
Vachier Lagrave,M (2789)-Nakamura,H (2787) Paris 2016 CBM 173 [Besenthal,K] 
(1-0, 54)}) 11. Bxf6 Bxf6 12. Nc3 ({The main alternative is} 12. Rd1 {
overprotecting d4 before developing the knight. Of course the two variations
could transpose to each other if Black does not take the pawn as in the main
game (which will this time prove a not entirely edible pawn). But I am not
sure whether the main game move order offers White any additional ideas to
that with 12.Rfd1.} a5 13. Nc3 Bxf3 14. Bxf3 c6 15. h4 Nd7 16. e3 Ra6 17. Rab1
Be7 18. Be4 Rb6 19. Bc2 $14 {Inarkiev,E (2660)-Kasimdzhanov,R (2704) Berlin
2015 (½-½, 53)  Compare also with Eljaov-Adams below.}) 12... Bxf3 (12... a5
13. e4 Na6 14. Rfd1 {is a tabyia which can arise via either move order.} Nb4
15. Ne1 $5 Be7 (15... b6 16. e5 $16) 16. Rac1 Rb8 17. Nb5 Bxb5 18. axb5 $14 {
Gabuzyan,H (2525)-Kravtsiv,M (2589) Yerevan 2013 (0-1, 39)}) 13. Bxf3 Qxd4 ({
A more solid try is} 13... c6 {even though White retains an edge:} 14. e3 a5
15. h4 Na6 16. Rfd1 Qb6 17. Qe2 $14 {Eljanov,P (2723)-Adams,M (2740) Biel 2015
CBM 168 [Marin,M] (0-1, 59)}) 14. Qxc7 {Apparently the only challenging move.}
(14. Qxd4 {Kasimdzhanov defended Black's point of view twice after} Bxd4 15.
Bxb7 Ra7 16. Bg2 Nd7 17. Rfd1 c5 18. e3 Bf6 19. Rd2 (19. Rab1 Rb8 {Aronian,L 
(2805)-Kasimdzhanov,R (2683) Riadh 2017 (½-½, 51)}) 19... Rb8 20. Ne4 Be7 21.
Rc2 Rb4 {½-½ Landa,K (2626)-Kasimdzhanov,R (2704) Germany 2016}) 14... Nc6
15. Qxb7 Na5 {Black's chances to retrieve the pawn are obvious. But in the
process White may use the available time to regroup properly for setting up
some sort of central domination.} 16. Qc7 ({Once again it looks better
avoiding the queen exchange to be able creating some kingside threats. If} 16.
Qe4 Rab8 17. Qxd4 Bxd4 18. Rad1 Be5 19. Ne4 Nb3 20. Nd2 {½-½ Andriasian,Z 
(2585)-Harutyunian,T (2487) Yerevan 2018}) 16... Qd8 17. Qf4 {Same issue.} Rb8
18. Rfd1 {Molaei,M (2327)-Magalashvili,D (2506) Fajr op 26th 2018 (5) 1/2 A
draw was agreed here in} {So I assume this aks the next move a novelty:} Qe7 {
Black aims for natural development but this delays his queenside counterplay.}
({From this point of view} 18... Qc8 {is better suited. On the other hand,
after retrieving the pawn the queen will be slightly misplaced in the almost
symmetrical position.} 19. Ne4 (19. Rab1 {fails to consolidate the queenside
due to} Nc4) 19... Bxb2 20. Rab1 Ba3 (20... Qc4 21. Bh5 $14 g6 $2 22. Rxb2 Rxb2
23. Nf6+ Kg7 24. Qe5 $18) 21. Kg2 $5 $14 {[%cal Gh2h4] Black will not find it
easy getting coordinated.}) 19. Rab1 Rfc8 {Black is perfectly regrouped now,
but after the next move so will White be! And taking on b2 will induce some
chaos in Black's position again.} (19... Rb4 20. Ne4 $14 {fails to bother
White.} Bxb2 $6 21. Qd6 Qxd6 22. Rxd6 $16) ({Quite possibly, the best chance
was} 19... g5 $5 {when it is hard keeping the possibility Ne4 as an answer to .
..Rfc8:} 20. Qe4 (20. Qc1 Rfc8) (20. Qg4 Bg7 {[%cal Gf7f5]}) 20... Rfc8) 20.
Ne4 $1 Bg5 {Giving up the idea of retrieving the pawn.} (20... Bxb2 21. Nd6 {
causes serious problems on f7.} Rf8 (21... Rd8 22. Nxf7 $1 $16) 22. Qd2 Ba3 23.
Nxf7 $16) 21. Qd6 Qxd6 22. Rxd6 {White has kept his pawn anda6 is hanging
while Black is poorly coordinated. With a bit of accuracy from White, the game
is as good as over.} Be7 23. Rxa6 Nc4 24. Rc1 Nxb2 25. Rxc8+ Rxc8 26. a5 {
Sustained by all White's pieces, this pawn is unstoppable already.} Nc4 27. Ra7
Bb4 28. a6 f5 29. Rb7 $5 fxe4 30. Bg4 Ra8 31. Rxb4 Nd6 32. Bxe6+ Kf8 33. Rb6 {
With two pawns less and a passive position, Black resigned.} 1-0

[Event "Tata Steel-A 80th"]
[Site "Wijk aan Zee"]
[Date "2018.01.20"]
[Round "7"]
[White "Matlakov, Maxim"]
[Black "Adhiban, Baskaran"]
[Result "1/2-1/2"]
[WhiteElo "2718"]
[BlackElo "2655"]
[PlyCount "106"]
[EventDate "2018.01.13"]
[EventType "tourn"]
[EventRounds "13"]
[EventCountry "NED"]
[EventCategory "20"]
[SourceTitle "CBM 183"]
[Source "ChessBase"]
[SourceDate "2018.03.14"]
[SourceVersion "1"]
[SourceVersionDate "2018.03.14"]
[SourceQuality "1"]
[TimeControl "40/6000+30:20/3000+30:900+30"]

1. d4 {[%emt 0:00:00]} g6 {[%emt 0:00:31]} 2. c4 {[%emt 0:00:44]} Bg7 {[%emt 0:
00:38]} 3. Nf3 {[%emt 0:00:41]} Nf6 {[%emt 0:00:13]} 4. g3 {[%emt 0:00:27]} O-O
{[%emt 0:01:48]} 5. Bg2 {[%emt 0:00:36]} d6 {[%emt 0:00:07]} 6. O-O {[%emt 0:
00:48]} Nbd7 {[%emt 0:00:11]} 7. Nc3 {[%emt 0:00:29]} e5 {[%emt 0:00:08]} 8. e4
{[%emt 0:00:15]} Re8 {[%emt 0:02:30]} 9. h3 {[%emt 0:02:49]} exd4 {[%emt 0:05:
53]} 10. Nxd4 {[%emt 0:00:16]} a6 {[%emt 0:00:03]} 11. Be3 {[%emt 0:03:00]} Rb8
{[%emt 0:00:55]} 12. b3 {[%emt 0:02:00]} Nc5 {[%emt 0:04:40]} 13. Qc2 {[%emt 0:
03:29]} Bd7 {[%emt 0:00:07]} 14. b4 {[%emt 0:13:27]} Ne6 {[%emt 0:00:13]} 15.
Nb3 {[%emt 0:00:26]} Qc8 {[%emt 0:19:15]} 16. Kh2 {[%emt 0:12:34]} b5 {[%emt 0:
18:01]} 17. c5 {[%emt 0:10:23]} Nd8 {[%emt 0:00:34]} 18. Rad1 {[%emt 0:08:08]}
Nc6 {[%emt 0:00:15]} 19. a3 {[%emt 0:02:28]} Ne5 {[%emt 0:04:30]} 20. Na5 {
[%emt 0:03:42]} h5 {[%emt 0:05:26]} 21. Nd5 {[%emt 0:05:38]} Nxd5 {[%emt 0:07:
47]} 22. exd5 {[%emt 0:01:26]} h4 {[%emt 0:10:36]} 23. Bg5 {[%emt 0:09:11]}
dxc5 {[%emt 0:06:12]} 24. Qxc5 {[%emt 0:01:29]} Bf5 {[%emt 0:07:50]} 25. Bxh4 {
[%emt 0:07:16]} Nd3 {[%emt 0:00:31]} 26. Qa7 {[%emt 0:00:06]} Ra8 {[%emt 0:06:
53]} 27. Qb7 {[%emt 0:00:13]} Qxb7 {[%emt 0:00:25]} 28. Nxb7 {[%emt 0:00:05]}
Nb2 {[%emt 0:00:04]} 29. d6 {[%emt 0:04:53]} Nxd1 {[%emt 0:00:20]} 30. Rxd1 {
[%emt 0:00:07]} cxd6 {[%emt 0:02:22]} 31. Nxd6 {[%emt 0:00:07]} Rad8 {[%emt 0:
00:07]} 32. Rd5 {[%emt 0:01:32]} Be6 {[%emt 0:03:12]} 33. Nxe8 {[%emt 0:00:42]}
Rxd5 {[%emt 0:00:05]} 34. Bxd5 {[%emt 0:00:08]} Bxd5 {[%emt 0:00:01]} 35. Bf6 {
[%emt 0:00:33]} Bf8 {[%emt 0:00:01]} 36. f4 {[%emt 0:04:34]} Bc6 {[%emt 0:03:
18]} 37. Nc7 {[%emt 0:00:14]} a5 {[%emt 0:01:35]} 38. Na6 {[%emt 0:04:47]} axb4
{[%emt 0:00:38]} 39. axb4 {[%emt 0:00:04]} Bb7 {[%emt 0:01:07]} 40. Nc5 {
[%emt 0:00:00]} Bd5 {[%emt 0:00:24]} 41. g4 {[%emt 0:01:58]} Bd6 {[%emt 0:23:
59]} 42. Kg3 {[%emt 0:00:33]} Kh7 {[%emt 0:00:01]} 43. h4 {[%emt 0:43:25]} Kh6
{[%emt 0:02:00]} 44. Be5 {[%emt 0:02:57]} Bxc5 {[%emt 0:02:05]} 45. bxc5 {
[%emt 0:00:34]} f5 {[%emt 0:00:07]} 46. g5+ {[%emt 0:08:07]} Kh7 {[%emt 0:04:
30]} 47. Bc3 {[%emt 0:02:22]} Bc6 {[%emt 0:01:28]} 48. Kf2 {[%emt 0:01:07]} Kg8
{[%emt 0:00:29]} 49. Ke3 {[%emt 0:01:58]} Kf7 {[%emt 0:00:05]} 50. Kd4 {
[%emt 0:00:14]} Ke6 {[%emt 0:00:05]} 51. Be1 {[%emt 0:00:24]} Bf3 {[%emt 0:00:
19]} 52. Kc3 {[%emt 0:00:22]} Kd5 {[%emt 0:02:57]} 53. Kb4 {[%emt 0:00:08]} Kc6
{[%emt 0:00:14]} 1/2-1/2

[Event "Tata Steel-A 80th"]
[Site "Wijk aan Zee"]
[Date "2018.01.20"]
[Round "7"]
[White "So, Wesley"]
[Black "Giri, Anish"]
[Result "1/2-1/2"]
[WhiteElo "2792"]
[BlackElo "2752"]
[PlyCount "79"]
[EventDate "2018.01.13"]
[EventType "tourn"]
[EventRounds "13"]
[EventCountry "NED"]
[EventCategory "20"]
[SourceTitle "CBM 183"]
[Source "ChessBase"]
[SourceDate "2018.03.14"]
[SourceVersion "1"]
[SourceVersionDate "2018.03.14"]
[SourceQuality "1"]
[TimeControl "40/6000+30:20/3000+30:900+30"]

1. d4 {[%emt 0:00:00]} Nf6 {[%emt 0:00:16]} 2. c4 {[%emt 0:00:00]} e6 {[%emt 0:
00:04]} 3. Nc3 {[%emt 0:00:08]} d5 {[%emt 0:00:05]} 4. Bg5 {[%emt 0:03:52]} Be7
{[%emt 0:00:22]} 5. e3 {[%emt 0:00:06]} h6 {[%emt 0:00:07]} 6. Bh4 {[%emt 0:00:
06]} O-O {[%emt 0:00:06]} 7. Nf3 {[%emt 0:00:03]} Nbd7 {[%emt 0:00:15]} 8. Be2
{[%emt 0:05:35]} c5 {[%emt 0:10:44]} 9. O-O {[%emt 0:03:07]} dxc4 {[%emt 0:04:
17]} 10. Bxc4 {[%emt 0:02:56]} cxd4 {[%emt 0:00:46]} 11. Nxd4 {[%emt 0:03:22]}
Ne5 {[%emt 0:02:42]} 12. Be2 {[%emt 0:08:09]} Bd7 {[%emt 0:11:37]} 13. Qb3 {
[%emt 0:09:50]} Qb6 {[%emt 0:02:14]} 14. Qxb6 {[%emt 0:01:56]} axb6 {[%emt 0:
00:04]} 15. Bg3 {[%emt 0:00:07]} Nc6 {[%emt 0:01:00]} 16. Ndb5 {[%emt 0:00:10]}
Na7 {[%emt 0:06:02]} 17. Nxa7 {[%emt 0:15:55]} Rxa7 {[%emt 0:00:10]} 18. Rfd1 {
[%emt 0:02:26]} Rc8 {[%emt 0:04:38]} 19. Bd6 {[%emt 0:02:19]} Kf8 {[%emt 0:04:
11]} 20. Bxe7+ {[%emt 0:04:14]} Kxe7 {[%emt 0:00:08]} 21. Rd4 {[%emt 0:00:03]}
Bc6 {[%emt 0:06:16]} 22. Rb4 {[%emt 0:00:40]} Nd7 {[%emt 0:07:28]} 23. Rd1 {
[%emt 0:01:55]} Ra5 {[%emt 0:00:54]} 24. f3 {[%emt 0:05:19]} Rc5 {[%emt 0:00:
35]} 25. Kf2 {[%emt 0:00:42]} Ra8 {[%emt 0:02:13]} 26. h4 {[%emt 0:02:45]} g5 {
[%emt 0:03:49]} 27. Rc1 {[%emt 0:03:49]} Rca5 {[%emt 0:05:41]} 28. e4 {[%emt 0:
03:59]} Rg8 {[%emt 0:03:10]} 29. hxg5 {[%emt 0:02:36]} hxg5 {[%emt 0:00:27]}
30. Rd4 {[%emt 0:00:42]} Ne5 {[%emt 0:02:22]} 31. Rh1 {[%emt 0:06:17]} Raa8 {
[%emt 0:01:14]} 32. Rh5 {[%emt 0:00:29]} Nd7 {[%emt 0:00:44]} 33. Ke3 {[%emt 0:
00:59]} Nf6 {[%emt 0:02:35]} 34. Rh1 {[%emt 0:00:05]} Rgc8 {[%emt 0:04:09]} 35.
g3 {[%emt 0:02:52]} Rg8 {[%emt 0:01:58]} 36. a3 {[%emt 0:06:53]} Rgc8 {[%emt 0:
07:26]} 37. Rb4 {[%emt 0:06:16]} Nd7 {[%emt 0:00:08]} 38. Rd4 {[%emt 0:00:14]}
Nf6 {[%emt 0:00:06]} 39. Rb4 {[%emt 0:00:03]} Nd7 {[%emt 0:00:04]} 40. Rd4
1/2-1/2

[Event "Tata Steel-A 80th"]
[Site "Wijk aan Zee"]
[Date "2018.01.21"]
[Round "8"]
[White "Adhiban, Baskaran"]
[Black "Karjakin, Sergey"]
[Result "1/2-1/2"]
[WhiteElo "2655"]
[BlackElo "2753"]
[Annotator "Adhiban,B"]
[PlyCount "86"]
[EventDate "2018.01.13"]
[EventType "tourn"]
[EventRounds "13"]
[EventCountry "NED"]
[EventCategory "20"]
[SourceTitle "CBM 183"]
[Source "ChessBase"]
[SourceDate "2018.03.14"]
[SourceVersion "1"]
[SourceVersionDate "2018.03.14"]
[SourceQuality "1"]

{In this year's Masters I have only one person to blame for my performance and
it is Karjakin! If only I had met him earlier :) things would have turned out
differently...} 1. Nf3 Nf6 2. g3 $5 c5 3. Bg2 Nc6 4. c4 d5 5. cxd5 Nxd5 6. Nc3
(6. d4 {is an option.} cxd4 7. Nxd4 Ndb4 8. Nxc6 Qxd1+ 9. Kxd1 Nxc6) 6... Nc7
7. a3 g6 8. d3 Bg7 9. Be3 Ne6 10. h4 $5 h6 {This move although natural only
turns to be a weakening.} (10... h5 {is better.}) 11. Rc1 Bd7 12. O-O Rc8 (
12... b6 13. b4 $1 cxb4 14. axb4 Nxb4 15. d4 {is quite nasty.}) 13. Na2 $5 {
I wasn't entirely sure about this, but it helps me achieve the key b4-break.} (
13. Ne4 b6 14. b4 (14. Qd2 a5 {[%cal Gh6h5,Ga5b4] Now I wasn't sure which plan
to aim for.}) 14... cxb4 15. d4 {was very tempting but I couldn't prove the
lines after} f5 16. Ned2 Ncxd4 {It looked like I had insufficient compensation.
} 17. Rxc8 (17. Nxd4 Rxc1 18. Qxc1 Nxd4) 17... Nxf3+) (13. Na4 b6 14. b4 cxb4
15. d4 b5 $5 16. Nc5 Nxc5 17. Rxc5 bxa3 {is not so bad for Black.}) (13. Qd2
Na5 $1 (13... b6)) (13. b4 cxb4 14. axb4 Nxb4 15. d4 {maybe was an interesting
option.} O-O 16. Qd2 h5 {didn't look convincing.}) 13... O-O (13... Bxb2 14.
Rb1 {[%cal Gb1b7]}) 14. b4 (14. Bxc5 Nxc5 (14... Bxb2 15. Rb1 Bg7 16. Be3 b6
17. d4 Na5 {[%cal Ga5c4] I felt Black was doing fine here.}) 15. Rxc5 Bxb2 16.
Rb5 Bxa3 17. Rxb7 {with a complex position but I liked White's chances due to
the potential kingside attack.}) 14... cxb4 15. Nxb4 (15. axb4 {was an option
but I didn't like the stupid knight on a2.}) 15... Qa5 (15... h5 16. Nd5 $1) (
15... Nxb4 16. axb4 Bc6 17. Qd2 Kh7 18. Bxa7 $5 b6 19. h5 {with total chaos.})
16. Qd2 Qxa3 17. Nxc6 Bxc6 18. Bxh6 Bxf3 19. Bxg7 (19. Bxf3 $5 Rxc1 20. Rxc1
Nd4 21. Bxg7 Kxg7) 19... Kxg7 20. Ra1 {This just looked very nice, but 20.Bf3
was more ambitious:} (20. Bxf3 $1 $16 {would have given me the advantage
thanks to the huge difference in the king's safety which is more important
than the outside passed pawns.}) 20... Qc3 21. Qxc3+ Rxc3 22. Bxf3 Nd4 23. Rxa7
Nxf3+ 24. exf3 Rxd3 25. Rxb7 Rxf3 26. Rxe7 Ra8 27. Kg2 Rfa3 28. Rb1 R8a7 29.
Rxa7 (29. Ree1 $5 {Maybe was the best chance to try with 4 rooks.}) 29... Rxa7
30. g4 Ra4 31. Kg3 Ra3+ 32. f3 Ra5 33. Rb4 (33. Re1 {[%cal Gg3f4] is probably
how I should have tried.}) 33... Rc5 34. Kf4 Ra5 35. Re4 f5 36. gxf5 {I played
this due to the sudden new possibility of f4-Re5 idea.} (36. Re5 Ra4+ 37. Kg5
fxg4 38. fxg4 Ra7 {is also a draw.}) 36... Rxf5+ 37. Kg4 Ra5 {But of course
it's just a draw.} 38. Rb4 Ra1 39. Rb7+ Kh6 40. Rb8 Kg7 41. Kf4 Ra4+ 42. Kg5
Ra5+ 43. Kf4 Ra4+ 1/2-1/2